Alle Pokemon mit "Y" - Statistiken

Allgemein
  • Dieses Quiz wurde 341 mal gespielt
    227 seit der letzten Aktualisierung
  • Das Durchschnittsergebnis liegt bei 4 aus 5
Antwortstatistiken
Hint Antwort % Korrekt
Kalos (1) 717 Yveltal
89%
Johto (1) 193 Yanma
86%
Sinnoh (1) 469 Yanmega
83%
Einall (1) 506 Yorkleff
48%
Paldea (1) 1004 Yuyu
47%
Keine übereinstimmenden Quizze gefunden
Verteilung der Resultate
Anzahl Personen mit jedem Resultat
Perzentil nach korrekt beantworteten Fragen
Ihre Resultats-Entwicklung
Sie haben dieses Quiz seit der letzten Aktualisierung nicht gespielt